000 01194nam a2200181Ia 4500
008 220216s9999 xx 000 0 und d
100 _aOmokhafe K O
245 0 _aHeritability estimates of tree dryness and correlation with latex parameters in Hevea brasiliensis
260 _bJournal of the Rubber Research Institute of Sri Lanka
_c2000
300 _a17-22
520 _aEleven clones of Hevea brasiliensis were evaluated for incidence of tree dryness and four latex parameters at three locations. There was significant clonal variation in incidence of tree dryness with heritability estimates of 0.08 and 0.05 in two locations. Contingency test of tree dryness and the four latex parameters viz. initial volume, final volume, initial flow rate and plugging index was significant with significant correlation between tree dryness and initial volume, final volume and initial flow rate. The breeding and agronomic implications of low heritability of tree dryness and significant correlation with three latex parameters are discussed.
650 _aHeritability
650 _aLatex parameters
650 _aRoot stock
650 _aTree dryness
700 _aAniamaka E E
942 _cJS
999 _c60277
_d60277